Kurýr stredného Slovenska

Spoločenský časopis regionálneho charakteru

Bibliographic Details
Corporate Author: Tyršel, Dušan (Nitra) (Printer)
Other Authors: Šebo, Izidor (Publishing director)
Format: Journal
Language:Slovak
PhysicalDescription:2 čís. 42 x 29 cm
Published: Nitra Izidor Šebo 1938
Subjects:

MARC

LEADER 00000nas a22000001a 4500
001 vtls010298155
003 SK-MaSNL
005 20260228162520.0
008 110809d19381938xo sr p r 0 b0slo
040 |a SNK  |b slo  |c SNK  |e AACR2 
041 0 |a slo 
044 |a xo  |c SK 
245 0 0 |a Kurýr stredného Slovenska 
260 |a Nitra  |b Izidor Šebo  |c 1938 
300 |a 2 čís.  |c 42 x 29 cm 
310 |a 2x mesačne 
362 1 |a V roku 1938 vyšli 2 čísla  |z Citované z: Bibliografia slov. a inoreč. nov. a čas. 1919-38 / M. Kipsová 
500 |a Vych. v Nitre týždenne, predbežne však dvakrát do mesiaca 
500 |a Zodp. red. Izidor Šebo 
500 |a Vyd. Izidor Šebo 
500 |a Tlač. Kníhtlač. D. Tyršela 
520 |a Spoločenský časopis regionálneho charakteru 
650 0 7 |a verejný a spoločenský život  |9 265569 
651 7 |a Nitrianska župa (Slovensko)  |9 267093 
655 7 |a regionálne časopisy  |9 265646 
655 7 |a spoločenské časopisy  |9 70515 
700 1 |a Šebo, Izidor  |4 pbd  |4 pbl  |9 271311 
710 0 |a Tyršel, Dušan (Nitra)  |4 prt  |9 269735 
910 |a snk 
916 |a 1938 
999 |c 7987  |d 9917 
952 |0 0  |1 0  |4 0  |7 0  |8 5  |a SNK  |b SNK  |d 2018-06-04  |f 1  |l 0  |o snkČSA 1013/1/1938  |p 17A1326273  |r 2026-02-21 22:12:44  |t č. 1-2  |w 2026-02-21  |y PREZ 
952 |0 0  |1 0  |4 0  |7 0  |8 5  |a SNK  |b SNK  |d 2018-06-04  |i snkF 979/79  |l 0  |o snkČSA 1013/1/1938 D1  |p 17A1326272  |r 2026-02-21 22:12:45  |t č. 1-2, neúplné  |w 2026-02-21  |y PREZ  |z Chýba č. 1